000 00606cam a2200193 4500500
005 20260329004036.0
041 _afre
042 _adc
100 1 0 _aLacroix, Alexandre
_eauthor
245 0 0 _aLes machines vont-elles nous faire la morale ?
260 _c2018.
500 _a66
690 _aIntelligence Artificielle
690 _aMédecine
690 _aRobot
690 _aVoiture autonome
786 0 _nPhilosophie magazine | 118 | 4 | 2018-04-01 | p. 28-31 | 1951-1787
856 4 1 _uhttps://shs.cairn.info/magazine-philosophie-magazine-2018-4-page-28?lang=fr&redirect-ssocas=7080
999 _c1830056
_d1830056